00597nam a22001217a 450000500170000000800410001705000330005824501290009126000340022030000180025450000400027265001630031220250829103057.0250829b |||||||| |||| 00| 0 eng d aTHE LB 2842.6 .N48 2006bC.1 aThe Effects of Free Primary Education on Performance of the Human Resources: A Case Study of Teachers in Nakuru Municipality aKisiibKisii Universityc2006 aix, 71p.:ill. aIncludes bibliographical references a1. Education, Primary—Kenya—Nakuru Municipality. 2. Teachers—Kenya—Performance. 3. Free education—Kenya. 4. Public schools—Kenya—Administration.